LEADER 02457nam2 2200505 i 450 001 LO10828096 005 20231121125523.0 010 $a8806162020 020 $aIT$b2004-4488 100 $a20040426d2004 ||||0itac50 ba 101 | $aita 102 $ait 181 1$6z01$ai $bxxxe 182 1$6z01$an 200 1 $a˜20: L'œimmagine fotografica, 1945-2000$fa cura di Uliano Lucas 210 $aTorino$cG. Einaudi$d°2004! 215 $aXXXVI, 725 p.$cin gran parte ill.$d21 cm 300 $aIn custodia. 461 1$1001CFI0012299$12001 $aStoria d'Italia. Annali$v20 606 $aFotografia$xStoria$2FIR$3RMLC049196$9E 606 $aItalia$xFotografie$x1945-2000$2FIR$3RMLC235001$9I 676 $a770$9FOTOGRAFIA E FOTOGRAFIE$v21 676 $a779$9FOTOGRAFIE$v21 676 $a779.9945$9FOTOGRAFIE. Italia.$v22 702 1$aLucas$b, Uliano$3CFIV000843 801 3$aIT$bIT-01$c20040426 850 $aIT-RM028 $aIT-RM0289 $aIT-RM0290 $aIT-RM0313 $aIT-RM0418 $aIT-RM0459 $aIT-RM0211 $aIT-RM1251 $aIT-RM0830 $aIT-RM1248 $aIT-FR0084 $aIT-RM0460 $aIT-FR0017 899 $aBiblioteca Universitaria Alessandrina$bRM028 899 $aBiblioteca Statale A. Baldini$bRM0289 899 $aBIBLIOTECA ANGELICA$bRM0290 899 $aBIBLIOTECA CASANATENSE$bRM0313 899 $aBIBLIOTECA ACCADEMIA NAZ. DEI LINCEI E CORSINIANA$bRM0418 899 $aARCHIVIO DI STATO DI ROMA$bRM0459 899 $aFondazione Marco Besso$bRM0211 899 $aFONDAZIONE GIUSEPPE EMANUELE E VERA MODIGLIANI$bRM1251 899 $aBiblioteca della Direzione Generale Archivi$bRM0830 899 $aBiblioteca Della Fondazione Pietro Nenni$bRM1248 899 $aBiblioteca Del Monumento Nazionale Di Montecassino$bFR0084 899 $aBiblioteca Dell' Archivio Centrale Dello Stato$bRM0460 899 $aBiblioteca umanistica Giorgio Aprea$bFR0017 $eN 912 $aLO10828096 950 2$aBiblioteca umanistica Giorgio Aprea$d 52S.L. 945 SIA.Rom.20$e 52FLS0000276025 VMB RS $fC $h20160428$i20160428 977 $a 01$a 04$a 06$a 07$a 10$a 12$a 14$a 15$a 20$a 23$a 25$a 27$a 52 996 $aImmagine fotografica, 1945-2000$983681 997 $aUNICAS LEADER 02039nam 2200361z- 450 001 9910437756003321 005 20250826021619.0 035 $a(CKB)3820000000034555 035 $a(Perlego)1096083 035 $a(Exl-AI)993820000000034555 035 $a(EXLCZ)993820000000034555 100 $a20191129d2017 uy | 101 0 $aeng 181 $ctxt$2rdacontent 182 $cc$2rdamedia 183 $acr$2rdacarrier 200 00$aFear Thy Neighbor $eRadicalization and Jihadist Attacks in the West 210 $aMilano$cLedizioni$d2017 311 08$a9788867056200 311 08$a8867056204 330 8 $aOver the last three years Europe and North America have been hit by an unprecedented wave of terrorist attacks perpetrated by individuals motivated by jihadist ideology. Who are the individuals who have carried out these attacks? Were they born and raised in the West? Or were they an "imported threat", refugees and migrants? How did they radicalize? Were they well educated and integrated, or social outcasts? Did they act alone? What were their connections to the Islamic State? The answers to these and other questions have large implications for our understanding of the threat facing us and, consequently, help us design sounder policy solutions built on empirical evidence. This study, the first of its kind, seeks to analyze the demographic profile, radicalization trajectories and connections to the Islamic State of all the individuals who have carried out attacks inspired by jihadist ideology in North America and Europe in the three years since the proclamation of the caliphate in June 2014. 517 $aFear thy neighbor 606 $aRadicalization$7Generated by AI 606 $aTerrorism$zEurope$7Generated by AI 615 0$aRadicalization 615 0$aTerrorism 700 $aVidino$b Lorenzo$0761743 701 $aMarone$b Francesco$0759149 701 $aEntermann$b Eva$01022747 906 $aBOOK 912 $a9910437756003321 996 $aFear thy neighbor$92429558 997 $aUNINA